[Event "32nd WCh U20 Girls"]
[Site "Pune IND"]
[Date "2014.10.16"]
[Round "10.36"]
[White "Salonika, Saina"]
[Black "Cuvelier, Annelies"]
[Result "1-0"]
[WhiteElo "1737"]
[BlackElo "1619"]
[EventDate "2014.10.06"]
[PlyCount "89"]

1.e4 e5 2.Nf3 Nc6 3.Bb5 a6 4.Ba4 Nf6 5.d4 exd4 6.O-O Be7 7.Re1 b5 8.e5 
Nxe5 9.Rxe5 d6 10.Re1 bxa4 11.Nxd4 Bd7 12.Qf3 O-O 13.Nc6 Bxc6 14.Qxc6 Re8 
15.Nc3 Qd7 16.Qxa4 Qxa4 17.Nxa4 Nd5 18.Bd2 Bf6 19.Rad1 Be5 20.g3 a5 21.a3 
Nb6 22.Nxb6 cxb6 23.c3 h6 24.f4 Bf6 25.Be3 Rab8 26.Rxd6 b5 27.Kf1 b4 28.
axb4 axb4 29.Bd4 Rxe1+ 30.Kxe1 bxc3 31.Bxc3 Bxc3+ 32.bxc3 Kf8 33.Ke2 Ke7 
34.Rd2 Ke6 35.Ke3 g5 36.Ke4 f5+ 37.Ke3 Rc8 38.Kd3 Kd5 39.Re2 gxf4 40.gxf4 
Rf8 41.Re5+ Kd6 42.Kd4 Rf6 43.Ra5 Kd7 44.c4 Rd6+ 45.Rd5 1-0

[Event "32nd WCh U20 Girls"]
[Site "Pune IND"]
[Date "2014.10.16"]
[Round "10.37"]
[White "Gagare, Shalmali"]
[Black "Shristi Shetty, J."]
[Result "1/2-1/2"]
[WhiteElo "2088"]
[BlackElo "1907"]
[EventDate "2014.10.06"]
[PlyCount "37"]

1.c4 Nf6 2.Nf3 c5 3.g3 d5 4.Bg2 Nc6 5.b3 d4 6.d3 e5 7.O-O Be7 8.Na3 O-O 9.
Nc2 h6 10.e3 dxe3 11.Nxe3 Be6 12.Bb2 Qd6 13.Nh4 g6 14.f4 exf4 15.gxf4 Kg7 
16.Kh1 Kg8 17.Kg1 Kg7 18.Kh1 Kg8 19.Kg1 1/2-1/2

[Event "32nd WCh U20 Girls"]
[Site "Pune IND"]
[Date "2014.10.16"]
[Round "10.38"]
[White "Terzidaki, Alexandra"]
[Black "Lalaoui, Feriel"]
[Result "1-0"]
[WhiteElo "1902"]
[BlackElo "1739"]
[EventDate "2014.10.06"]
[PlyCount "129"]

1.e4 e5 2.Nf3 Nc6 3.d4 exd4 4.Nxd4 Bc5 5.Nxc6 Qf6 6.Qd2 dxc6 7.Nc3 Ne7 8.
Na4 Bd6 9.Bd3 Ng6 10.O-O Nf4 11.Kh1 Be6 12.Nc3 Nxg2 13.f4 Nxf4 14.Rxf4 
Bxf4 15.Qxf4 Qe7 16.Qg5 f6 17.Qe3 O-O 18.Bd2 Qd7 19.Rg1 Rae8 20.Qg3 f5 21.
Bh6 Rf7 22.exf5 Bxf5 23.Bxf5 Qxf5 24.Bxg7 Re6 25.Bh6+ Rg6 26.Qe3 Rxg1+ 27.
Qxg1+ Kh8 28.Qd4+ Qf6 29.Be3 Qxd4 30.Bxd4+ Kg8 31.Kg2 b6 32.Be5 Kf8 33.Kg3
Ke8 34.Bf4 Kd7 35.Ne4 Rg7+ 36.Kf3 Ke6 37.c4 c5 38.Nc3 c6 39.Ne4 Rd7 40.b3 
Rd3+ 41.Kg4 Rd7 42.h4 Rg7+ 43.Kf3 h5 44.Ng3 Rh7 45.Ke4 b5 46.Be3 Kf6 47.
Bxc5 a6 48.Ne2 Ke6 49.Nf4+ Kf7 50.Kf5 Rh8 51.Bd4 Rd8 52.Ne6 Rd6 53.Ng5+ 
Kg8 54.Ke5 Rd8 55.Ne6 Rb8 56.Kd6 bxc4 57.bxc4 Rb4 58.c5 Ra4 59.Kxc6 Rxa2 
60.Kd7 Kf7 61.c6 Rc2 62.c7 a5 63.Ng5+ Kg6 64.Ne6 Rxc7+ 65.Nxc7 1-0

[Event "32nd WCh U20 Girls"]
[Site "Pune IND"]
[Date "2014.10.17"]
[Round "11.2"]
[White "Padmini, Rout"]
[Black "Chumpitaz Carbajal, Ann"]
[Result "1/2-1/2"]
[WhiteElo "2331"]
[BlackElo "2201"]
[EventDate "2014.10.06"]
[PlyCount "110"]

1.e4 c5 2.Nf3 e6 3.b3 d5 4.exd5 exd5 5.Bb2 Nf6 6.Be2 Be7 7.d4 b6 8.O-O O-O
9.Ne5 Bb7 10.Nd2 Nc6 11.Ndf3 Qc7 12.Bd3 Nxd4 13.Bxd4 cxd4 14.h3 Bb4 15.Ng4
Nxg4 16.hxg4 Bc3 17.Rb1 Qf4 18.Nh2 Rae8 19.g3 Qd6 20.Kg2 Bc8 21.Rh1 g6 22.
Qc1 Qf6 23.Qh6 Qg7 24.Qf4 f5 25.g5 Bb7 26.Qd6 Qe5 27.Qxe5 Rxe5 28.f4 Re7 
29.a4 a5 30.Nf3 Ra8 31.Rbd1 Ba6 32.Bxa6 Rxa6 33.Nxd4 Ra8 34.Nb5 Re2+ 35.
Kh3 Rxc2 36.Rxd5 Re8 37.Rhd1 Bb4 38.Rd8 Re2 39.Nc7 Rxd8 40.Rxd8+ Kg7 41.
Rd3 Kf7 42.Nd5 Bc5 43.g4 Kg7 44.Nc7 Re3+ 45.Rxe3 Bxe3 46.Kg3 Kf7 47.Nd5 
Bd4 48.gxf5 gxf5 49.Kf3 Ke6 50.Ne3 Bxe3 51.Kxe3 Kd5 52.Kd3 Kc5 53.Kc3 b5 
54.axb5 Kxb5 55.Kd3 Kb4 1/2-1/2

[Event "32nd WCh U20 Girls"]
[Site "Pune IND"]
[Date "2014.10.17"]
[Round "11.12"]
[White "Frayna, Janelle Mae"]
[Black "Gelip, Ioana"]
[Result "0-1"]
[WhiteElo "2140"]
[BlackElo "2154"]
[EventDate "2014.10.06"]
[PlyCount "86"]

1.d4 Nf6 2.c4 e6 3.Nc3 Bb4 4.e3 O-O 5.Ne2 d5 6.a3 Be7 7.cxd5 exd5 8.Nf4 c6
9.Bd3 Nbd7 10.O-O Bd6 11.f3 Nb6 12.Kh1 Re8 13.e4 dxe4 14.fxe4 Bxf4 15.Bxf4
Bg4 16.Qb1 Qxd4 17.e5 Nh5 18.Bxh7+ Kh8 19.Be4 Nd5 20.Bxd5 cxd5 21.Nb5 Qa4 
22.Nd6 Nxf4 23.Nxe8 Rxe8 24.Qe1 Nd3 25.Qh4+ Kg8 26.h3 Bd7 27.b4 Qc2 28.Qd4
Qc4 29.Qxa7 Bc6 30.Qe3 Rxe5 31.Qg3 d4 32.Rad1 Re3 33.Qh4 Qc2 34.Qd8+ Re8 
35.Qg5 Nf2+ 36.Rxf2 Qxf2 37.b5 f6 38.Qg4 Re1+ 39.Rxe1 Qxe1+ 40.Kh2 Qe5+ 
41.Kg1 Bxb5 42.Qc8+ Kh7 43.Qxb7 d3 0-1

[Event "32nd WCh U20 Girls"]
[Site "Pune IND"]
[Date "2014.10.18"]
[Round "12.1"]
[White "Goryachkina, Alexandra"]
[Black "Srija, Seshadri"]
[Result "1-0"]
[WhiteElo "2430"]
[BlackElo "2099"]
[EventDate "2014.10.06"]
[PlyCount "103"]

1.d4 d5 2.c4 e6 3.Nf3 Nf6 4.Nc3 Be7 5.Bf4 O-O 6.e3 Nbd7 7.Be2 c5 8.cxd5 
Nxd5 9.Nxd5 exd5 10.dxc5 Nxc5 11.Be5 Be6 12.O-O Rc8 13.Rc1 Re8 14.Qd4 f6 
15.Bg3 a6 16.Qd1 Bg4 17.Nd4 Bxe2 18.Qxe2 Ne4 19.Qg4 Bf8 20.Qf5 Rxc1 21.
Rxc1 Bc5 22.Rd1 g6 23.Qg4 Qb6 24.Qd7 Rd8 25.Qe6+ Kh8 26.Qxb6 Bxb6 27.Rc1 
Nc5 28.Rc2 Rd7 29.Kf1 Ne4 30.Nb3 h5 31.a4 g5 32.a5 Ba7 33.Ke1 h4 34.Rc8+ 
Kg7 35.Rc7 Rf7 36.Rxf7+ Kxf7 37.Bc7 Ke6 38.Bb6 Bxb6 39.axb6 Kd7 40.f3 Nd6 
41.Na5 f5 42.Ke2 g4 43.Kd3 Ke6 44.f4 h3 45.gxh3 gxh3 46.Kd4 Ne4 47.Nxb7 
Nd2 48.Kc5 Kd7 49.Kxd5 Nf1 50.Nc5+ Kc8 51.Kc6 Nxe3 52.b7+ 1-0

[Event "32nd WCh U20 Girls"]
[Site "Pune IND"]
[Date "2014.10.18"]
[Round "12.2"]
[White "Ibrahimova, Sabina"]
[Black "Chumpitaz Carbajal, Ann"]
[Result "0-1"]
[WhiteElo "2271"]
[BlackElo "2201"]
[EventDate "2014.10.06"]
[PlyCount "130"]

1.e4 c5 2.Nf3 e6 3.d4 cxd4 4.Nxd4 Nc6 5.Nc3 Qc7 6.g3 a6 7.Bg2 Nf6 8.O-O 
Nxd4 9.Qxd4 Bc5 10.Bf4 d6 11.Qd2 h6 12.Rad1 e5 13.Be3 Be6 14.h3 O-O 15.
Rfe1 Bb4 16.f4 Bxa2 17.Qf2 Bxc3 18.bxc3 Nh7 19.Rd3 Bc4 20.Rd2 Bb5 21.Red1 
Qxc3 22.Rxd6 Rac8 23.R6d2 Rfe8 24.fxe5 Qxe5 25.Bd4 Qe6 26.Ba1 Ng5 27.Qd4 
Qg6 28.Re1 Bc6 29.Rde2 Rcd8 30.Qc3 Ne6 31.Re3 Rd7 32.h4 Rc7 33.Bh3 Bb5 34.
Qb2 h5 35.Bf5 Qh6 36.Qb3 Rce7 37.Qb4 Nf8 38.Bh3 Bd7 39.Bg2 Bc6 40.Qd4 Ng6 
41.Rf1 Ne5 42.Bh3 Bd7 43.Bg2 Bg4 44.Rfe1 b5 45.Ra3 Re6 46.Qa7 Nc4 47.Rd3 
R6e7 48.Qf2 Qe6 49.Rf1 Ne5 50.Rd5 f6 51.Qd2 Nc4 52.Qf2 Rc7 53.e5 fxe5 54.
Be4 Rce7 55.Rc5 Qb6 56.Kh2 Nd2 57.Bd5+ Kh8 58.Rc6 Nxf1+ 59.Qxf1 Qe3 60.
Rxa6 Rc7 61.Ra2 Rcc8 62.c4 Rf8 63.Qg2 bxc4 64.Rc2 c3 65.Be4 Bd1 0-1

[Event "32nd WCh U20 Girls"]
[Site "Pune IND"]
[Date "2014.10.18"]
[Round "12.3"]
[White "Arabidze, Meri"]
[Black "Khademalsharieh, Sarasadat"]
[Result "0-1"]
[WhiteElo "2409"]
[BlackElo "2366"]
[EventDate "2014.10.06"]
[PlyCount "86"]

1.d4 Nf6 2.c4 e6 3.Nc3 Bb4 4.Qc2 O-O 5.e4 d5 6.e5 Ne4 7.Bd3 c5 8.Nf3 cxd4 
9.Nxd4 Nd7 10.Bf4 Qh4 11.g3 Qh5 12.O-O Bxc3 13.bxc3 g5 14.cxd5 exd5 15.
Bxe4 dxe4 16.Bd2 Qg6 17.Rfe1 Nc5 18.c4 Rd8 19.Bc3 Bg4 20.Re3 a6 21.Bb4 
Rxd4 22.Bxc5 Rd3 23.Be7 Bf3 24.Qc1 h6 25.Bf6 Qf5 26.Qf1 Rc8 27.Rc1 Rc7 28.
c5 Kh7 29.Ree1 Rcd7 30.a4 e3 31.fxe3 Rd2 32.e4 Qg4 33.e6 fxe6 34.Bc3 Rg2+ 
35.Qxg2 Bxg2 36.Kxg2 Rd3 37.Kg1 Qf3 38.Ba5 Re3 39.Bd2 Re2 40.Rxe2 Qxe2 41.
Rb1 Qxd2 42.Rxb7+ Kg6 43.Rb6 Qe1+ 0-1

[Event "32nd WCh U20 Girls"]
[Site "Pune IND"]
[Date "2014.10.18"]
[Round "12.4"]
[White "Iwanow, Anna"]
[Black "Padmini, Rout"]
[Result "1/2-1/2"]
[WhiteElo "2279"]
[BlackElo "2331"]
[EventDate "2014.10.06"]
[PlyCount "96"]

1.e4 g6 2.d4 Bg7 3.Nc3 d6 4.Be3 a6 5.Bd3 Nd7 6.Nce2 e6 7.f4 b6 8.Nf3 Bb7 
9.O-O Ngf6 10.Ng3 Qe7 11.e5 Ng4 12.Bd2 O-O 13.h3 Nh6 14.Ne4 f5 15.Neg5 
dxe5 16.fxe5 Rfd8 17.Qe2 Nf8 18.Rae1 Nf7 19.c3 Nh8 20.h4 Nf7 21.Nxf7 Qxf7 
22.Kh2 c5 23.Be3 Qc7 24.h5 gxh5 25.Nh4 Ng6 26.Qxh5 Nxh4 27.Qxh4 Bxe5+ 28.
dxe5 Rxd3 29.Bh6 Qd8 30.Bg5 Qe8 31.g4 Qg6 32.gxf5 Rd2+ 33.Rf2 Rxf2+ 34.
Qxf2 Qxf5 35.Qd2 Rf8 36.Bf6 Qh5+ 37.Kg3 h6 38.Rg1 Kh7 39.Qd3+ Qg6+ 40.
Qxg6+ Kxg6 41.Kf4+ Kh5 42.c4 b5 43.b3 bxc4 44.bxc4 a5 45.Rg3 Ba6 46.Rh3+ 
Kg6 47.Rg3+ Kh5 48.Rh3+ Kg6 1/2-1/2

[Event "32nd WCh U20 Girls"]
[Site "Pune IND"]
[Date "2014.10.18"]
[Round "12.6"]
[White "Zhai Mo"]
[Black "Furtado, Ivana Maria"]
[Result "1/2-1/2"]
[WhiteElo "2339"]
[BlackElo "2165"]
[EventDate "2014.10.06"]
[PlyCount "81"]

1.d4 Nf6 2.Nf3 d5 3.Bf4 g6 4.e3 Bg7 5.h3 O-O 6.Be2 c5 7.c3 Nc6 8.O-O b6 9.
Nbd2 Bb7 10.Ne5 Nd7 11.Nxd7 Qxd7 12.dxc5 e5 13.Bg5 h6 14.Bh4 g5 15.Bg3 
bxc5 16.e4 Rad8 17.Nb3 dxe4 18.Qxd7 Rxd7 19.Nxc5 Rd2 20.Bb5 Rxb2 21.a4 Na5
22.Rad1 Ba8 23.Rd7 Nb3 24.Nxb3 Rxb3 25.Rc1 Rc8 26.Ba6 Rcb8 27.Bc4 R3b7 28.
Bxf7+ Kf8 29.Rcd1 Rxd7 30.Rxd7 Rb1+ 31.Kh2 Rb7 32.Rd8+ Kxf7 33.Rxa8 Rc7 
34.Kg1 Kg6 35.Kf1 Bf6 36.Ke2 Rxc3 37.Rxa7 h5 38.Ra6 Kf5 39.Bh2 g4 40.hxg4+
hxg4 41.Ra5 1/2-1/2

[Event "32nd WCh U20 Girls"]
[Site "Pune IND"]
[Date "2014.10.18"]
[Round "12.7"]
[White "Gelip, Ioana"]
[Black "Kurbonboeva, Sarvinoz"]
[Result "0-1"]
[WhiteElo "2154"]
[BlackElo "2212"]
[EventDate "2014.10.06"]
[PlyCount "80"]

1.e4 c5 2.Nf3 Nc6 3.Nc3 g6 4.d4 cxd4 5.Nxd4 Bg7 6.Be3 Nf6 7.Bc4 O-O 8.Bb3 
d6 9.f3 Bd7 10.Qd2 Nxd4 11.Bxd4 b5 12.a4 b4 13.Nd5 Nxd5 14.Bxg7 Kxg7 15.
exd5 a5 16.Qd4+ Kg8 17.O-O e5 18.dxe6 Bxe6 19.Rad1 Rc8 20.Rf2 Bxb3 21.cxb3
Qe7 22.Rfd2 Rfe8 23.h3 Qe6 24.Qd3 Qe5 25.Kf1 Re6 26.Qd5 Qg3 27.Kg1 Rc5 28.
Qd3 Rce5 29.Rf1 Re3 30.Qc2 d5 31.f4 Re1 32.Rf2 Rxf1+ 33.Rxf1 Re1 34.Rxe1 
Qxe1+ 35.Kh2 Qe3 36.g3 d4 37.f5 d3 38.Qc8+ Kg7 39.f6+ Kxf6 40.Qh8+ Ke7 0-1

[Event "32nd WCh U20 Girls"]
[Site "Pune IND"]
[Date "2014.10.18"]
[Round "12.8"]
[White "Nguyen Thi Mai Hung"]
[Black "Monnisha, Gajendra Babu Kannaiyan"]
[Result "1/2-1/2"]
[WhiteElo "2299"]
[BlackElo "2016"]
[EventDate "2014.10.06"]
[PlyCount "172"]

1.d4 Nf6 2.Nf3 e6 3.e3 c5 4.Bd3 b6 5.O-O Bb7 6.Nbd2 Nc6 7.b3 Qc7 8.a3 Be7 
9.Bb2 O-O 10.Qe2 Rfe8 11.c4 d6 12.Rad1 Rad8 13.Bb1 e5 14.d5 Nb8 15.Ng5 
Nbd7 16.f4 h6 17.Nge4 Nxe4 18.Nxe4 Nf6 19.Ng3 Bc8 20.Qc2 g6 21.h3 a6 22.
fxe5 dxe5 23.d6 Rxd6 24.Bxe5 Red8 25.Bxd6 Rxd6 26.Rxd6 Qxd6 27.Ne4 Nxe4 
28.Qxe4 Be6 29.Qf4 Qd8 30.a4 Bg5 31.Qf2 b5 32.axb5 axb5 33.Qe2 bxc4 34.
bxc4 Qd6 35.Bd3 Qe5 36.Rf3 Qa1+ 37.Qf1 Qe5 38.Qe1 Kg7 39.Qe2 Qa1+ 40.Rf1 
Qe5 41.Rf3 Qa1+ 42.Qf1 Qe5 43.Qe1 Kg8 44.Kh1 Kg7 45.Qe2 Qa1+ 46.Rf1 Qe5 
47.Qf3 Qxe3 48.Qxe3 Bxe3 49.Kh2 Bd4 50.Kg3 Bc3 51.Be2 Kf8 52.Rc1 Be5+ 53.
Kf3 Ke7 54.Bd3 Bb2 55.Rb1 Bd4 56.Rb6 Kf6 57.Ke4 Kg5 58.Be2 h5 59.Rd6 Bf2 
60.Rd8 Kf6 61.Kd3 Ke7 62.Rb8 Kd6 63.Bf3 Ke5 64.Re8 Kd6 65.Bd5 Bxd5 66.Rd8+
Ke7 67.Rxd5 Ke6 68.Ke4 Bg1 69.Kf3 f6 70.Ke4 h4 71.Rd8 Bf2 72.Re8+ Kf7 73.
Ra8 f5+ 74.Kf4 Kf6 75.Ra6+ Kf7 76.Rc6 Bd4 77.Kg5 Be3+ 78.Kxh4 Bf2+ 79.Kg5 
Be3+ 80.Kh4 Bf2+ 81.g3 Bd4 82.Kg5 Be3+ 83.Kh4 Kg7 84.g4 Bf2+ 85.Kg5 Be3+ 
86.Kh4 Bf2+ 1/2-1/2

[Event "32nd WCh U20 Girls"]
[Site "Pune IND"]
[Date "2014.10.18"]
[Round "12.9"]
[White "Monpeurt, Cyrielle"]
[Black "Petrukhina, Irina"]
[Result "0-1"]
[WhiteElo "2115"]
[BlackElo "2218"]
[EventDate "2014.10.06"]
[PlyCount "91"]

1.e4 c5 2.Nf3 d6 3.d4 cxd4 4.Nxd4 Nf6 5.Nc3 a6 6.h3 e6 7.g4 Be7 8.Bg2 Nfd7
9.Be3 Nc6 10.Qd2 O-O 11.O-O-O Nxd4 12.Bxd4 b5 13.e5 d5 14.Nxd5 exd5 15.
Bxd5 Rb8 16.Ba7 Rb6 17.Bxb6 Nxb6 18.f4 Nxd5 19.Qxd5 Qxd5 20.Rxd5 Bb7 21.
Rhd1 Bxd5 22.Rxd5 Rd8 23.Rxd8+ Bxd8 24.Kd2 g5 25.Ke3 Bc7 26.fxg5 Bxe5 27.
c3 Kf8 28.Ke4 Bg7 29.Kd5 b4 30.cxb4 Bxb2 31.a4 Ke7 32.Kc6 Bc3 33.b5 axb5 
34.axb5 Bd2 35.b6 Bxg5 36.b7 Bf4 37.Kd5 Kf6 38.h4 Kg6 39.Ke4 Bb8 40.Kd5 
Bh2 41.Ke4 Bb8 42.Kd5 h5 43.gxh5+ Kxh5 44.Ke4 Kg4 45.h5 f5+ 46.Kd4 0-1

[Event "32nd WCh U20 Girls"]
[Site "Pune IND"]
[Date "2014.10.18"]
[Round "12.10"]
[White "Mahalakshmi, Muganda Kumar"]
[Black "Khaled, Mouna"]
[Result "1-0"]
[WhiteElo "1997"]
[BlackElo "2191"]
[EventDate "2014.10.06"]
[PlyCount "145"]

1.d4 Nf6 2.c4 g6 3.Nc3 Bg7 4.e4 d6 5.f3 c6 6.Be3 a6 7.c5 Nbd7 8.Nh3 b5 9.
cxd6 exd6 10.Nf2 Bb7 11.Be2 Qe7 12.Qd2 c5 13.O-O O-O 14.Rac1 Rfe8 15.Rfd1 
Rac8 16.dxc5 dxc5 17.Bg5 Nf8 18.Ng4 Ne6 19.Bh4 Red8 20.Qe1 g5 21.Nxf6+ 
Bxf6 22.Bf2 Nd4 23.Bf1 Qe6 24.b3 h5 25.Ne2 h4 26.Nxd4 cxd4 27.Rxc8 Bxc8 
28.f4 gxf4 29.Bxh4 Re8 30.Bxf6 Qxf6 31.Bd3 Qe5 32.Qh4 Bb7 33.Rf1 Bxe4 34.
Bxe4 Qxe4 35.Qg5+ Kf8 36.Qh6+ Ke7 37.Qxf4 Qe3+ 38.Qxe3+ dxe3 39.Rf3 Kd6 
40.Kf1 Kc5 41.Ke2 Kb4 42.Rxf7 Ka3 43.Rf3 Kxa2 44.Rxe3 Rh8 45.h3 b4 46.g4 
a5 47.Kf2 Rf8+ 48.Kg3 Rc8 49.g5 Rc3 50.Rf3 a4 51.bxa4 Rxf3+ 52.Kxf3 b3 53.
g6 b2 54.g7 b1=Q 55.g8=Q+ Ka1 56.Qg7+ Ka2 57.Qf7+ Ka1 58.Qf6+ Ka2 59.Qe6+ 
Ka1 60.Qe5+ Ka2 61.Qd5+ Ka1 62.Qd4+ Ka2 63.Qc4+ Ka1 64.h4 Qd1+ 65.Ke3 Qe1+
66.Kd3 Qg3+ 67.Kc2 Qg2+ 68.Kc3 Qb2+ 69.Kd3 Qc2+ 70.Kd4 Qf2+ 71.Kd5 Qg2+ 
72.Kc5 Qg5+ 73.hxg5 1-0

[Event "32nd WCh U20 Girls"]
[Site "Pune IND"]
[Date "2014.10.18"]
[Round "12.11"]
[White "Potluri, Supreetha"]
[Black "Nandhidhaa, P. V."]
[Result "1/2-1/2"]
[WhiteElo "1738"]
[BlackElo "2144"]
[EventDate "2014.10.06"]
[PlyCount "316"]

1.d4 Nf6 2.Bf4 d5 3.e3 c5 4.c3 Qb6 5.Qb3 c4 6.Qc2 g6 7.Nd2 Bg7 8.h3 Nc6 9.
Ngf3 Bf5 10.Qc1 Rc8 11.Be2 O-O 12.Bd1 Bd3 13.Bc2 Ne4 14.Bxd3 cxd3 15.O-O 
f6 16.Bh2 Qa6 17.Rd1 e5 18.Nb3 Nb4 19.Ne1 exd4 20.exd4 d2 21.Nxd2 Bh6 22.
f4 Rfe8 23.Qb1 Nc6 24.Qd3 Qb6 25.Rab1 Nd8 26.Qf3 Nf7 27.Nd3 a5 28.Nb3 Nfd6
29.Ndc5 f5 30.g4 fxg4 31.hxg4 Qd8 32.Qh3 Bg7 33.Nxe4 Nxe4 34.Nd2 Qb6 35.
Nf3 Rf8 36.Qg2 Qb5 37.Qf1 Qa4 38.Ra1 Qd7 39.Qg2 b5 40.a3 Qb7 41.Nd2 b4 42.
axb4 axb4 43.Nxe4 dxe4 44.Rac1 bxc3 45.bxc3 Qb3 46.Qxe4 Rxc3 47.d5 Re3 48.
Qc2 Qb6 49.Qc5 Re1+ 50.Rxe1 Bd4+ 51.Qxd4 Qxd4+ 52.Kg2 Qxd5+ 53.Kg1 Qd4+ 
54.Kh1 h6 55.Rcd1 Qf2 56.Rf1 Qh4 57.Rd3 Qxg4 58.Rg3 Qf5 59.Rfg1 Qe4+ 60.
R1g2 Kh7 61.Rxg6 Qxg6 62.Rxg6 Kxg6 63.Kg2 Kf5 64.Kf3 Ra8 65.Bg1 Ra3+ 66.
Be3 h5 67.Kf2 Ke4 68.Bc5 Rf3+ 69.Kg2 Kxf4 70.Bd6+ Kg4 71.Bc7 Rc3 72.Be5 
Rc2+ 73.Kh1 Kf3 74.Bd6 Rc4 75.Be7 Rd4 76.Kh2 Rd2+ 77.Kh3 Rg2 78.Bd6 Rg4 
79.Be5 Rg1 80.Kh2 Re1 81.Bf6 Kg4 82.Bc3 Rc1 83.Bd4 Rd1 84.Bc3 Rd3 85.Be5 
Rd2+ 86.Kg1 Kh3 87.Bf4 Rg2+ 88.Kh1 Re2 89.Kg1 Re1+ 90.Kf2 Rb1 91.Bc7 Rc1 
92.Be5 Rc2+ 93.Kg1 Rg2+ 94.Kh1 Re2 95.Bd4 Kg3 96.Bc5 Re1+ 97.Bg1 Kf3 98.
Kh2 Rc1 99.Bd4 Rc4 100.Be5 Kf2 101.Bg3+ Kf1 102.Be5 Re4 103.Bd6 Re2+ 104.
Kh3 Kf2 105.Kh4 Rd2 106.Be7 Rd5 107.Bg5 Kf3 108.Kxh5 Kg3 109.Kg6 Kg4 110.
Be7 Rf5 111.Bf6 Ra5 112.Bd4 Ra6+ 113.Kf7 Kf5 114.Ke7 Ke4 115.Bf2 Ra2 116.
Bb6 Rb2 117.Bc7 Rb7 118.Kd6 Kd4 119.Bd8 Rb8 120.Bf6+ Ke4 121.Bh4 Rb6+ 122.
Kc5 Rh6 123.Bf2 Rh2 124.Bg3 Rh5+ 125.Kd6 Rd5+ 126.Kc6 Kd4 127.Bd6 Kc4 128.
Be7 Rh5 129.Kd6 Rh6+ 130.Ke5 Rh5+ 131.Kd6 Rd5+ 132.Ke6 Kd4 133.Bd6 Rh5 
134.Ba3 Rh6+ 135.Kf5 Rh3 136.Bb2+ Kd5 137.Kf4 Rh4+ 138.Ke3 Rh2 139.Bf6 Ke6
140.Bc3 Rh3+ 141.Kd4 Rf3 142.Bd2 Kd6 143.Bb4+ Kc6 144.Bd2 Rf2 145.Be3 Rh2 
146.Ke4 Rh4+ 147.Ke5 Rh1 148.Ke4 Re1 149.Kd4 Kb5 150.Bf4 Rd1+ 151.Ke4 Kc4 
152.Bg3 Rd3 153.Bf4 Rd4+ 154.Ke5 Kd3 155.Bg5 Re4+ 156.Kd5 Ra4 157.Ke5 Ra5+
158.Kf4 Kc4 1/2-1/2

[Event "32nd WCh U20 Girls"]
[Site "Pune IND"]
[Date "2014.10.18"]
[Round "12.12"]
[White "Gevorgian, Maria"]
[Black "Fronda, Jan Jodilyn"]
[Result "1/2-1/2"]
[WhiteElo "2160"]
[BlackElo "2127"]
[EventDate "2014.10.06"]
[PlyCount "124"]

1.e4 c5 2.Nc3 d6 3.Nge2 Nc6 4.g3 g6 5.Bg2 Bg7 6.d3 Rb8 7.a4 a6 8.O-O b5 9.
axb5 axb5 10.h3 e6 11.f4 Nge7 12.g4 f5 13.Ng3 b4 14.Nce2 Nd4 15.Kh2 O-O 
16.c3 bxc3 17.bxc3 Nxe2 18.Nxe2 Bb7 19.Qc2 Qc7 20.Ra7 Qb6 21.Qa2 c4 22.
exf5 cxd3 23.Qxe6+ Rf7 24.Be3 Qb2 25.Ra2 Bxg2 26.Rxb2 Rxb2 27.Kxg2 dxe2 
28.Re1 Bxc3 29.f6 Bxf6 30.Kf3 Be5 31.Rxe2 Rb4 32.Kg2 Bxf4 33.Bxf4 Rxf4 34.
Qxd6 g5 35.Qh6 Ng6 36.Re8+ Rf8 37.Rxf8+ Rxf8 38.Qxg5 Kg7 39.Kg3 h6 40.Qd5 
Rf7 41.h4 Nf8 42.Qh5 Rf6 43.Qe5 Ne6 44.Qb2 Kg6 45.Qb7 Ng7 46.Qe4+ Kf7 47.
Qh7 Rg6 48.Kf4 Rf6+ 49.Ke5 Re6+ 50.Kd5 Rg6 51.h5 Rg5+ 52.Kc6 Rxg4 53.Qxh6 
Kg8 54.Qf6 Re4 55.Qd8+ Re8 56.Qg5 Re6+ 57.Kd7 Kh7 58.Qf4 Rh6 59.Qe4+ Kh8 
60.Qa8+ Kh7 61.Qe4+ Kh8 62.Ke7 Re6+ 1/2-1/2

[Event "32nd WCh U20 Girls"]
[Site "Pune IND"]
[Date "2014.10.18"]
[Round "12.13"]
[White "Pratyusha, Bodda"]
[Black "Ni Shiqun"]
[Result "0-1"]
[WhiteElo "2078"]
[BlackElo "2312"]
[EventDate "2014.10.06"]
[PlyCount "96"]

1.e4 e5 2.Nf3 Nf6 3.Nxe5 d6 4.Nf3 Nxe4 5.Nc3 Nxc3 6.dxc3 Be7 7.Be3 Nc6 8.
Qd2 Be6 9.O-O-O Qd7 10.Kb1 Bf6 11.h3 O-O-O 12.Bb5 a6 13.Ba4 Rhe8 14.Bd4 
Bxd4 15.Nxd4 b5 16.Bb3 Bxb3 17.axb3 Kb7 18.c4 Nxd4 19.Qxd4 f6 20.Rd2 Qc6 
21.Qg4 Re7 22.Rhd1 Rde8 23.Rd5 Re1 24.Rd2 g6 25.g3 R8e5 26.cxb5 axb5 27.
Qb4 Qe4 28.Qxe4+ R1xe4 29.c3 g5 30.Kc2 h5 31.Rd4 Re2+ 32.R1d2 Kc6 33.h4 
Kd7 34.b4 R5e4 35.Rxe4 Rxe4 36.Kd3 Re1 37.Re2 Rxe2 38.Kxe2 Ke6 39.Ke3 Ke5 
40.f3 gxh4 41.gxh4 Kf5 42.b3 c6 43.c4 Ke5 44.f4+ Kf5 45.Kf3 d5 46.cxd5 
cxd5 47.Ke3 Kg4 48.Kd4 Kxh4 0-1

[Event "32nd WCh U20 Girls"]
[Site "Pune IND"]
[Date "2014.10.18"]
[Round "12.15"]
[White "Vaishali, Ramesh Babu"]
[Black "Michelle Catherina"]
[Result "1/2-1/2"]
[WhiteElo "2124"]
[BlackElo "2114"]
[EventDate "2014.10.06"]
[PlyCount "85"]

1.b3 d5 2.Bb2 c5 3.e3 Nf6 4.f4 g6 5.Bb5+ Bd7 6.Bxd7+ Qxd7 7.Nf3 Bg7 8.O-O 
O-O 9.Ne5 Qe6 10.d4 Nc6 11.Nd2 Nd7 12.Nxd7 Qxd7 13.Nf3 Rac8 14.Qd2 Qf5 15.
c3 cxd4 16.exd4 Bh6 17.Nh4 Qf6 18.Qf2 e6 19.Ba3 Rfe8 20.Rae1 Ne7 21.Re3 
Nf5 22.Nxf5 exf5 23.Re5 Qc6 24.Rxe8+ Rxe8 25.Re1 Rxe1+ 26.Qxe1 Qe6 27.Qxe6
fxe6 28.g3 g5 29.Bd6 Kf7 30.a4 a6 31.Kf2 b5 32.Kf3 Kg6 33.h3 Bg7 34.Be7 h6
35.Ke3 Kf7 36.Bd8 Ke8 37.Bc7 Bf6 38.axb5 axb5 39.Be5 Bd8 40.Bg7 h5 41.Be5 
g4 42.h4 Kd7 43.b4 1/2-1/2

[Event "32nd WCh U20 Girls"]
[Site "Pune IND"]
[Date "2014.10.18"]
[Round "12.16"]
[White "Pujari, Rucha"]
[Black "Gu Tianlu"]
[Result "0-1"]
[WhiteElo "2113"]
[BlackElo "2055"]
[EventDate "2014.10.06"]
[PlyCount "52"]

1.d4 d5 2.c4 c6 3.Nf3 Nf6 4.e3 Bf5 5.Nc3 e6 6.Be2 h6 7.O-O Bd6 8.Ne5 Bxe5 
9.dxe5 Ne4 10.cxd5 exd5 11.Bg4 Nxc3 12.bxc3 Qg5 13.Bxf5 Qxf5 14.Ba3 Qxe5 
15.Rb1 b6 16.c4 dxc4 17.Qg4 Nd7 18.Rfd1 Qe6 19.Qxg7 O-O-O 20.Qc3 Ne5 21.
Bb2 Rxd1+ 22.Rxd1 Rg8 23.Qxe5 Qg4 24.Rd8+ Rxd8 25.f3 Rd1+ 26.Kf2 Qh4+ 0-1

[Event "32nd WCh U20 Girls"]
[Site "Pune IND"]
[Date "2014.10.18"]
[Round "12.17"]
[White "San Diego, Marie Antoinette"]
[Black "Saranya, J."]
[Result "1/2-1/2"]
[WhiteElo "2033"]
[BlackElo "2107"]
[EventDate "2014.10.06"]
[PlyCount "94"]

1.d4 Nf6 2.Nf3 g6 3.Bf4 Bg7 4.e3 d6 5.Be2 O-O 6.O-O Nbd7 7.h3 b6 8.Nbd2 
Bb7 9.c3 Ne4 10.Nxe4 Bxe4 11.Qd2 e5 12.Bh2 Qe7 13.Rfe1 Bb7 14.Qc2 Rac8 15.
Rad1 Rfd8 16.c4 Re8 17.d5 Rf8 18.b4 f5 19.Nd2 Kh8 20.Nb3 Rcd8 21.a4 c6 22.
dxc6 Bxc6 23.b5 Ba8 24.a5 Nc5 25.axb6 axb6 26.Nxc5 dxc5 27.Rxd8 Rxd8 28.
Rd1 Be4 29.Qb3 Kg8 30.f3 Bb7 31.Rxd8+ Qxd8 32.Qd1 Qxd1+ 33.Bxd1 Kf7 34.Kf2
Ke6 35.Bc2 Bh6 36.Ke2 f4 37.e4 Bg5 38.Bg1 Bh4 39.Kd3 Kf6 40.Bd1 Kg5 41.Be2
Be1 42.Bf1 Bc8 43.Ke2 Bg3 44.Kd2 Bb7 45.Ke2 Kh4 46.Kd2 Bc8 47.Kd1 Bb7 
1/2-1/2

[Event "32nd WCh U20 Girls"]
[Site "Pune IND"]
[Date "2014.10.18"]
[Round "12.18"]
[White "Harshita, Guddanti"]
[Black "Varga, Klara"]
[Result "1/2-1/2"]
[WhiteElo "1925"]
[BlackElo "2232"]
[EventDate "2014.10.06"]
[PlyCount "122"]

1.e4 c5 2.Nf3 e6 3.d4 cxd4 4.Nxd4 Nf6 5.Nc3 d6 6.Be2 Be7 7.O-O O-O 8.f4 
Nbd7 9.Be3 a6 10.a4 Qc7 11.Bf3 Rd8 12.a5 Nf8 13.Nb3 N6d7 14.Na4 Nc5 15.Nb6
Rb8 16.Nxc5 dxc5 17.Qe2 Nd7 18.Nxc8 Rbxc8 19.e5 Nb8 20.Be4 g6 21.Qg4 Nc6 
22.h4 Nd4 23.Bxd4 Rxd4 24.Rfe1 h5 25.Qh3 Qd8 26.g3 Rd2 27.Kh1 Rc7 28.Rg1 
Qd4 29.Rae1 Rf2 30.Rg2 Rd7 31.Rxf2 Qxf2 32.Rg1 c4 33.Qg2 Qe3 34.Qf3 Qd2 
35.Qc3 Qf2 36.Qe1 Qc5 37.Rg2 Kg7 38.Kh2 Qc7 39.Kh1 Qd8 40.Bf3 Bc5 41.Kh2 
Qe7 42.Rd2 Qd8 43.Rxd7 Qxd7 44.Qd1 Qa4 45.Bxb7 Qxa5 46.Bg2 Qb6 47.Qc1 Be3 
48.Qe1 Qd4 49.c3 Qd3 50.Qf1 Qc2 51.Qxc4 Qxb2 52.Qxa6 Qxc3 53.Qe2 Qd4 54.
Qf1 Qd2 55.Qf3 Bf2 56.Qe4 Qc3 57.Qf3 Qe1 58.Kh3 Bg1 59.Qf1 Qe3 60.Qd1 Bf2 
61.Qf3 Qxf3 1/2-1/2

[Event "32nd WCh U20 Girls"]
[Site "Pune IND"]
[Date "2014.10.18"]
[Round "12.19"]
[White "Bakshi, Rutuja"]
[Black "Imeeva, Aysa"]
[Result "0-1"]
[WhiteElo "1959"]
[BlackElo "2077"]
[EventDate "2014.10.06"]
[PlyCount "170"]

1.d4 Nf6 2.Nf3 d5 3.e3 e6 4.Bd3 Be7 5.Nbd2 O-O 6.O-O Nbd7 7.Re1 c5 8.c3 b6
9.e4 dxe4 10.Nxe4 Bb7 11.Qe2 Qc7 12.Neg5 Bd6 13.Ne5 cxd4 14.cxd4 h6 15.
Ngxf7 Bb4 16.Bd2 Bxd2 17.Qxd2 Rxf7 18.Nxf7 Kxf7 19.Re3 Bd5 20.Rc1 Qf4 21.
g3 Qd6 22.Bb1 Bb7 23.Rce1 Nf8 24.f3 Rd8 25.Rd1 b5 26.Be4 Nd5 27.Rb3 Qb6 
28.a4 a6 29.axb5 axb5 30.Kh1 Nd7 31.Qe2 b4 32.Bxd5 Bxd5 33.Re3 Rc8 34.Qd2 
b3 35.Rc3 Rxc3 36.Qxc3 Qc6 37.Qxc6 Bxc6 38.Rd3 Bd5 39.Kg2 Nb6 40.Kf2 g5 
41.h3 Na4 42.Rd2 Kf6 43.Ke3 Nb6 44.Kd3 h5 45.Rf2 Nc4 46.g4 h4 47.Rh2 Na5 
48.Rf2 Nc6 49.f4 Ne7 50.Ke3 Ng6 51.fxg5+ Kxg5 52.Rh2 Nf4 53.Kf2 Be4 54.Kf1
Bc2 55.Ke1 Nd3+ 56.Kd2 Nxb2 57.Kc1 Nd3+ 58.Kd2 Ne1 59.Kc3 Nf3 60.Rf2 Nxd4 
61.Rf8 Ne2+ 62.Kb2 Nf4 63.Rg8+ Ng6 64.Re8 e5 65.Kc3 Kf4 66.Re6 Kg3 67.g5 
Kxh3 68.Re8 Kg4 69.Ra8 Kxg5 70.Ra1 h3 71.Rg1+ Kf4 72.Rh1 Kg3 73.Rg1+ Kf2 
74.Rg5 h2 75.Rh5 Kg3 76.Rxh2 Kxh2 77.Kd2 e4 78.Kc1 e3 79.Kb2 e2 80.Ka3 
e1=Q 81.Kb2 Qe5+ 82.Kc1 Bf5 83.Kd2 Qd4+ 84.Kc1 Qc3+ 85.Kd1 Bg4# 0-1